ბათუმის შოთა რუსთაველის სახელმწიფო უნივერსიტეტის ბიბლიოთეკა

ისტორიისა და ეთნოლოგიის ინსტიტუტის შრომები XII-XIII =The Proceedings of the Institute of History and Etnology XII-XIII / (ბიბ.ჩანაწერი № 45505)

000 -ლიდერი
ფიქსირებული სიგრძის საკონტროლო ველი 01591nam a2200229Ia 4500
001 - საკონტროლო ნომერი
საკონტროლო ველი 12330
003 - საკონტროლო ნომრის იდენტიფიკატორი
საკონტროლო ველი GE_BSU
005 - ბოლო ოპერაციის თარიღი და დრო
საკონტროლო ველი 20240708151653.0
008 - ფიქსირებული სიგრძის მონაცემთა ელემენტები - ზოგადი ინფორმაცია
ფიქსირებული სიგრძის საკონტროლო ველი 181216s2013||||ge |||||||||||||| ||geo||
040 ## - კატალოგიზაციის წყარო
Transcribing agency GE_BSU
041 ## - ენის კოდი
Language code of text/sound track or separate title geo
080 ## - უნივერსალური ათობითი კლასიფიკაციის ინდექსი
Universal Decimal Classification number 94+39 ი-88
245 ## - ცნობა სათაურის შესახებ
Title ისტორიისა და ეთნოლოგიის ინსტიტუტის შრომები XII-XIII =The Proceedings of the Institute of History and Etnology XII-XIII /
Statement of responsibility, etc მთ. რედ. ვაჟა კიკნაძე.
264 ## - წარმოების, გამოცემის, დისტრიბუციის და სხვა ცნობები
გამოცემის, წარმოების, დისტრიბუციის... ადგილი თბილისი :
გამოცემის, წარმოების, დისტრიბუციის... სახელწოდება [?],
გამოცემის, წარმოების, დისტრიბუციის... თარიღი 2012/2013.
300 ## - ფიზიკური აღწერა
Extent 541გვ. ;
Dimensions 28 სმ.
500 ## - ზოგადი შენიშვნა
General note ეძღვნება პროფესორ თამაზ ბერაძის დაბადებიდან 75 წლის იუბილეს
520 ## - SUMMARY, ETC.
Summary, etc ეძღვნება პროფესორ თამაზ ბერაძის დაბადებიდან 75 წლის იუბილეს.
653 ## - INDEX TERM--UNCONTROLLED
Uncontrolled term ისტორიისა და ეთნოლოგიის ინსტიტუტის შრომები XII-XIII =The Proceedings of the Institute of History and Etnology XII-XIII
700 ## - ADDED ENTRY--PERSONAL NAME
Personal name კიკნაძე, ვაჟა
Relator term მთ. რედაქტორი
9 (RLIN) 5091
710 ## - ADDED ENTRY--CORPORATE NAME
Corporate name or jurisdiction name as entry element ივანე ჯავახიშვილის სახელობის თბილისის სახელმწიფო უნივერსიტეტი
Subordinate unit ისტორიისა და ეთნოლოგიის ინსტიტუტი
9 (RLIN) 22753
942 ## - ADDED ENTRY ELEMENTS (KOHA)
Koha item type წიგნი
Source of classification or shelving scheme
ეგზემპლარები
ჩამოწერის სტატუსი დაკარგული ეგზემპლარის სტატუსი კლასიფიკაციის წყარო ან თაროზე გაწყობის სქემა დაზიანების სტატუსი არ გაიცემა მუდმივი მდებარეობა (დაცვის ადგილი) ამჟამინდელი ადგილსამყოფელი თაროზე განთავსების ადგილი შეძენის თარიღი სრული შენახვის შიფრი შტრიხკოდი ბოლო ოპერაციის თარიღი ეგზემპლარის მიმდევრობითი ნომერი (კეტერი?) ფასის ძალაში შესვლის თარიღი ეგზემპლარის სახეობა
          ბათუმის შოთა რუსთაველის სახელმწიფო უნივერსიტეტის მთავარი ბიბლიოთეკა ბათუმის შოთა რუსთაველის სახელმწიფო უნივერსიტეტის მთავარი ბიბლიოთეკა წიგნსაცავი 2018-12-17 94+39 ი-88 27102 2018-12-17 27102 2018-12-17 წიგნი